Sổ tay quản lý kho lạnh thực phẩm
Enregistré dans:
| Auteur principal: | |
|---|---|
| Format: | Livre |
| Langue: | Undetermined |
| Publié: |
Hà Nội
Nông Nghiệp
1978
|
| Sujets: | |
| Tags: |
Ajouter un tag
Pas de tags, Soyez le premier à ajouter un tag!
|
| Thư viện lưu trữ: | Trung tâm Học liệu Trường Đại học Cần Thơ |
|---|
| LEADER | 00491nam a2200169Ia 4500 | ||
|---|---|---|---|
| 001 | CTU_11442 | ||
| 008 | 210402s9999 xx 000 0 und d | ||
| 082 | |a 664.02852 | ||
| 082 | |b H305 | ||
| 100 | |a Phan Hiền | ||
| 245 | 0 | |a Sổ tay quản lý kho lạnh thực phẩm | |
| 245 | 0 | |c Phan Hiền | |
| 260 | |a Hà Nội | ||
| 260 | |b Nông Nghiệp | ||
| 260 | |c 1978 | ||
| 650 | |a cold storage,industrial feeding | ||
| 980 | |a Trung tâm Học liệu Trường Đại học Cần Thơ | ||